000 01930nam0a2200385 4500
001 RU\NLR\BIBL_A\022212631
005 20250311163702.0
010 _a978-5-389-25044-4
010 _a978-5-389-14506-1
_92000
021 _aRU
_bКН-П-24-017938
_9КН-П-24-1877
035 _a(NLR Aleph) 022212631
090 _a13321689
_c13321689
100 _a20240503d2024 u y0rusy50 ca
101 1 _arus
_cfre
102 _aRU
105 _aa z 000yy
181 0 _ab3
_bbb2e
181 0 _ai2
_baxxe
182 0 _an
200 1 _aМировая кухня
_e500 рецептов. Шаг за шагом. 500 блюд со всего света. 3000 уникальных фотографий
_fМ. Манье-Морено, К. Блейк, Дж. Вассалло [и др.]
_gперевод с французского А. Ратай
203 _aИзображение
_aТекст
_bвизуальные
_cнепосредственные
210 _aМосква
_cАзбука-Аттикус, КоЛибри
_d2024
215 _a509, [1] с.
_cцв. ил.
_d24
300 _aКн. выходит в двух оформлениях "Мировая кухня: 500 рецептов. Шаг за шагом" и "Мировая кухня. 500 рецептов. Шаг за шагом. 500 блюд со всего света. 3000 уникальных фотографий"
333 _a16+
451 0 _12001#$aМировая кухня$e500 рецептов. Шаг за шагом
_tМировая кухня
606 1 _aКулинария
_xРецептура
_92080572
_3RU\NLR\AUTH\661256513
686 1 _aЛ997
701 1 _7ca
_8rus
_aМанье-Морено
_bМ.
_gМарианна
_9202305
_3RU\NLR\AUTH\770202356
701 1 _aБлейк
_bК.
_gКеда
701 1 _aВассалло
_bД.
_gДжоди
942 _cBOOK
980 _aNB